Catálogo

Más allá del rojo y el verde : (Registro nro. 63591)

Detalles MARC
000 -LEADER
fixed length control field 00707nam a2200241 u 4500
001 - CONTROL NUMBER
control field 63591
003 - CONTROL NUMBER IDENTIFIER
control field Mx-PuUPA
005 - DATE AND TIME OF LATEST TRANSACTION
control field 20190708135341.0
008 - FIXED-LENGTH DATA ELEMENTS--GENERAL INFORMATION
fixed length control field 150924s2009 xx r 000 0 spa d
020 ## - INTERNATIONAL STANDARD BOOK NUMBER
International Standard Book Number 9682317533
040 ## - CATALOGING SOURCE
Transcribing agency Mx-PuUPA
082 ## - DEWEY DECIMAL CLASSIFICATION NUMBER
Classification number 335.5
Item number DEN
100 1# - MAIN ENTRY--PERSONAL NAME
Personal name Denitch, Bogdan
Relator term autor
245 10 - TITLE STATEMENT
Title Más allá del rojo y el verde :
Remainder of title tiene futuro el socialismo? /
Statement of responsibility, etc. Traducción Lorenzo Aldrete Bernal.
250 ## - EDITION STATEMENT
Edition statement Primera edición
264 #1 - PRODUCTION, PUBLICATION, DISTRIBUTION, MANUFACTURE, AND COPYRIGHT NOTICE
Place of production, publication, distribution, manufacture México :
Name of producer, publisher, distributor, manufacturer Siglo Veintiuno,
Date of production, publication, distribution, manufacture, or copyright notice 1991
300 ## - PHYSICAL DESCRIPTION
Extent 261 páginas ;
Dimensions 23 cm.
336 ## - CONTENT TYPE
Content type term texto
Source rdacontent
337 ## - MEDIA TYPE
Media type term sin mediación
Source rdamedia
338 ## - CARRIER TYPE
Carrier type term volumen
Source rdacarrier
650 #4 - SUBJECT ADDED ENTRY--TOPICAL TERM
Topical term or geographic name entry element Socialismo
General subdivision Democracia
942 ## - ADDED ENTRY ELEMENTS (KOHA)
Source of classification or shelving scheme Dewey Decimal Classification
Koha item type Libro
Existencias
Withdrawn status Lost status Source of classification or shelving scheme Damaged status Not for loan Collection code Home library Current library Shelving location Date acquired Source of acquisition Total Checkouts Full call number Barcode Date last seen Price effective from Koha item type
    Dewey Decimal Classification     General Tehuacán Tehuacán Sala general 24/09/2015 Compra   335.5 DEN 1991 509971 08/01/2025 24/09/2015 Libro
    Dewey Decimal Classification   Consulta en sala General Tehuacán Tehuacán Sala general 24/09/2015 Compra   335.5 DEN 1991 509970 08/01/2025 24/09/2015 Reserva permanente